01177cam a2200265 ib45000010008000000030007000080050017000150080041000320200038000730400031001110420009001420840021001510900013001721000014001852450042001992500011002412600097002523000030003494900024003796500025004038300024004289420014004529990015004669520430004812445959YEEZEN20250701144349.0240523s2024 ch a g 000 0 chi d a9786267296462q(平裝) :cNT$280 aTCPLbchicTCPLdTCPLeccr anbic a410.16192ncsclt a410.16191 a施義雄10a盡信醫不如無醫 /c施義雄著 a初版 a新北市板橋區 :b華夏出版 ; a新北市中和區 :b貿騰發賣總經銷,c2024.02 a170面 :b圖 ;c21公分1 aSunny文庫 ;v318. 7a醫學倫理2lcstt. 0aSunny文庫 ;v318. 2cclcBOOK c7644d7644 00102ccl4070ayeezenbyeezencYEEZENd2025-07-01l1m1o410.1619pC03226r2025-09-05 00:00:00s2025-08-18w2025-07-01yBOOKz一家家的醫院有如冰山,在等著TITANIC的到來;也像滿坑滿谷的地雷,隨時都可以讓您粉身碎骨。 您不緊張,我可真為您捏一把冷汗,請趕快懸崖勒馬,否則受害者可能不祇您我而已。 當我們賠上整個西方文明時,才夠爽嗎?